textbook of pharmacognosy theory and practical
Guardat en:
| Autor principal: | |
|---|---|
| Format: | Llibre |
| Idioma: | anglès |
| Publicat: |
CBS Publishers
2014
|
| Etiquetes: |
Afegir etiqueta
Sense etiquetes, Sigues el primer a etiquetar aquest registre!
|
MARC
| LEADER | 00000nam a22000007a 4500 | ||
|---|---|---|---|
| 008 | 230810b |||||||| |||| 00| 0 eng d | ||
| 020 | |a 9788123925325 | ||
| 100 | |a QADRY, J.S. | ||
| 245 | |a textbook of pharmacognosy |b theory and practical |c J.S. Qadry |g x, 406p;ill | ||
| 260 | |b CBS Publishers |c 2014 |h New Delhi |i 699646 |i 699647 |l RS160.Qa1 |m Pharmacognosy | ||
| 500 | |a it includes index | ||
| 942 | |a lcc |c BK |e Johnson |f 10/08/23 | ||
| 952 | |0 0 |1 0 |2 lcc |4 0 |6 RS0160 Q A1 |7 0 |9 4354 |a PL |b HOL |c QZ |d 2023-08-10 |l 0 |o RS160.Qa1 |p 2023-0279 |r 2023-08-10 00:00:00 |t 699646 |w 2023-08-10 |y BK | ||
| 952 | |0 0 |1 0 |2 lcc |4 0 |6 RS0160 Q A1 |7 0 |9 4355 |a HOL |b HOL |c QZ |d 2023-08-10 |l 0 |o RS160.Qa1 |p 2023-0280 |r 2023-08-10 00:00:00 |t 699647 |w 2023-08-10 |y BK | ||
| 999 | |c 2188 |d 2188 | ||